[Event "Barcelona Sant Marti op-B 20th"]
[Site "Barcelona"]
[Date "2018.07.15"]
[Round "3"]
[White "Grasa Solanas, Oscar"]
[Black "Lazaro Valls, Xavier"]
[Result "0-1"]
[WhiteElo "1732"]
[BlackElo "1488"]
[PlyCount "136"]
[EventDate "2018.07.13"]
[EventType "swiss"]
[EventRounds "9"]
[EventCountry "ESP"]
[SourceTitle "EXT 2019"]
[Source "ChessBase"]
[SourceDate "2018.10.10"]
[SourceVersion "1"]
[SourceVersionDate "2018.10.10"]
[SourceQuality "1"]

1. c4 c5 2. Nc3 Nf6 3. g3 d5 4. cxd5 Nxd5 5. Bg2 Nxc3 6. bxc3 Nc6 7. Nf3 g6 8. 0-0 Bg7 9. Rb1 0-0 10. Qc2 Qc7 11. d3 Bd7 12. Bf4 e5 13. Be3 b6 14. Qc1 Rac8 15. Bh6 Be6 16. Bxg7 Kxg7 17. a3 Qd7 18. Re1 Bf5 19. Nh4 Be6 20. Rd1 Na5 21. Qc2 Nc6 22. Nf3 f6 23. Qb2 Bf5 24. Rbc1 Bh3 25. Bh1 Rfd8 26. Rc2 e4 27. Ne1 exd3 28. Rxd3 Qc7 29. Rcd2 Ne5 30. Rxd8 Rxd8 31. Rxd8 Qxd8 32. Qc1 Nc4 33. Nd3 Qe7 34. Nf4 Bg4 35. Bd5 Nd6 36. f3 Bc8 37. e4 g5 38. Ng2 Bb7 39. Ne3 Bxd5 40. exd5 Qe5 41. c4 Qd4 42. Kg2 h5 43. h3 Kg6 44. Qc2+ Kg7 45. Kf2 b5 46. cxb5 Nxb5 47. Ke2 Nc3+ 48. Kf2 Nxd5 49. Qc1 f5 50. Ke2 Nc3+ 51. Ke1 Qe5 52. Kf2 Kg6 53. Qc2 Qd4 54. Qxf5+ Kh6 55. Qc2 Nd5 56. Qe2 Kg7 57. Qe1 Kf6 58. Qc1 h4 59. gxh4 gxh4 60. Ke2 Qxe3+ 61. Qxe3 Nxe3 62. Kxe3 Ke5 63. Kd3 Kf4 64. Ke2 c4 65. a4 c3 66. a5 c2 67. Kd2 Kxf3 68. Kxc2 Kg3 0-1

[Event "Barcelona Sant Marti op-B 19th"]
[Site "Barcelona"]
[Date "2017.07.17"]
[Round "5"]
[White "Grasa Solanas, Oscar"]
[Black "Fabregas Fontanet, Antonio"]
[Result "1/2-1/2"]
[WhiteElo "1676"]
[BlackElo "1903"]
[PlyCount "83"]
[EventDate "2017.07.13"]
[EventType "swiss"]
[EventRounds "9"]
[EventCountry "ESP"]
[SourceTitle "EXT 2018"]
[Source "ChessBase"]
[SourceDate "2017.10.13"]
[SourceVersion "1"]
[SourceVersionDate "2017.10.13"]
[SourceQuality "1"]

1. c4 g6 2. Nf3 Bg7 3. g3 e5 4. d3 Nc6 5. Bg2 Nge7 6. 0-0 d6 7. Nc3 0-0 8. a3 a5 9. Rb1 h6 10. Bd2 f5 11. b4 axb4 12. axb4 Bd7 13. b5 Nd4 14. Nxd4 exd4 15. Nd5 c6 16. Nb6 Rb8 17. Nxd7 Qxd7 18. Qc2 c5 19. Ra1 Kh7 20. Ra3 Ng8 21. Rfa1 Rfe8 22. Bc1 Nf6 23. R1a2 h5 24. Bg5 Ng4 25. Qb1 Bf6 26. Bxf6 Nxf6 27. Qa1 h4 28. Ra8 Rxa8 29. Rxa8 Rxe2 30. Bxb7 hxg3 31. hxg3 Qxb7 32. Ra7 Re1+ 33. Qxe1 Qxa7 34. Qe6 Ng4 35. Qxd6 Qa1+ 36. Kg2 Qe1 37. Qc7+ Kg8 38. Qd8+ Kf7 39. Qc7+ Kf6 40. Qd8+ Kf7 41. Qc7+ Kf6 42. Qd8+ 1/2-1/2

[Event "Montcada op-C 25th"]
[Site "Montcada"]
[Date "2017.06.28"]
[Round "3"]
[White "Anjali, R Sagar"]
[Black "Grasa Solanas, Oscar"]
[Result "1-0"]
[WhiteElo "1724"]
[BlackElo "1669"]
[PlyCount "48"]
[EventDate "2017.06.26"]
[EventType "swiss"]
[EventRounds "9"]
[EventCountry "ESP"]
[SourceTitle "EXT 2018"]
[Source "ChessBase"]
[SourceDate "2017.10.13"]
[SourceVersion "1"]
[SourceVersionDate "2017.10.13"]
[SourceQuality "1"]

1. e4 d5 2. exd5 Qxd5 3. Nc3 Qa5 4. d4 Nc6 5. Nf3 Bg4 6. Be2 0-0-0 7. Be3 f6 8. 0-0 Qh5 9. h3 Bd7 10. Ne5 Qe8 11. Nxd7 Qxd7 12. d5 Ne5 13. Bf3 g5 14. Bd4 Nh6 15. Bxe5 fxe5 16. Bg4 Nxg4 17. Qxg4 Qxg4 18. hxg4 h5 19. gxh5 Rxh5 20. Rad1 Bg7 21. Ne4 Rdh8 22. f3 Rf8 23. Nc5 Bf6 24. Rd3 b6 1-0

[Event "Montcada op-C 25th"]
[Site "Montcada"]
[Date "2017.06.27"]
[Round "2"]
[White "Armengou Bernal, Pere"]
[Black "Grasa Solanas, Oscar"]
[Result "0-1"]
[WhiteElo "1484"]
[BlackElo "1669"]
[PlyCount "58"]
[EventDate "2017.06.26"]
[EventType "swiss"]
[EventRounds "9"]
[EventCountry "ESP"]
[SourceTitle "EXT 2018"]
[Source "ChessBase"]
[SourceDate "2017.10.13"]
[SourceVersion "1"]
[SourceVersionDate "2017.10.13"]
[SourceQuality "1"]

1. d4 Nf6 2. Bf4 g6 3. Nc3 Bg7 4. e4 0-0 5. Qd2 Nc6 6. Nf3 d6 7. 0-0-0 Re8 8. Be2 a6 9. h4 b5 10. h5 Nxh5 11. Rxh5 gxh5 12. Bh6 e5 13. Bxg7 Kxg7 14. dxe5 dxe5 15. Qe3 Nd4 16. Kb1 Bb7 17. Nxe5 Rxe5 18. Rxd4 Qe7 19. f4 Re6 20. f5 Rd6 21. e5 Kh8 22. f6 Rxf6 23. Nd5 Bxd5 24. Rxd5 Rf5 25. Qd4 Qe6 26. Bf3 Re8 27. Qc5 Rxe5 28. Qd4 Kg8 29. Bxh5 Rxd5 0-1

[Event "Sants Hostafrancs op-C 18th"]
[Site "Barcelona"]
[Date "2016.08.25"]
[Round "7"]
[White "Alves Garcia, Eric"]
[Black "Grasa Solanas, Oscar"]
[Result "1-0"]
[WhiteElo "1782"]
[BlackElo "1664"]
[PlyCount "55"]
[EventDate "2016.08.19"]
[EventType "swiss"]
[EventRounds "10"]
[EventCountry "ESP"]
[SourceTitle "EXT 2019"]
[Source "ChessBase"]
[SourceDate "2018.10.10"]
[SourceVersion "1"]
[SourceVersionDate "2018.10.10"]
[SourceQuality "1"]

1. d4 Nf6 2. Nf3 c5 3. c4 g6 4. Nc3 Bg7 5. e4 0-0 6. d5 d6 7. Bd3 Bg4 8. h3 Bxf3 9. Qxf3 Nbd7 10. 0-0 Ne5 11. Qe2 Nxd3 12. Qxd3 Nh5 13. Rb1 f5 14. exf5 gxf5 15. Qf3 Qe8 16. Nb5 Rc8 17. Nxa7 Ra8 18. Nb5 Rc8 19. Re1 f4 20. Nxd6 Qg6 21. Nxc8 Rxc8 22. Qg4 Qxb1 23. Qxc8+ Bf8 24. Qg4+ Ng7 25. Qxf4 Qxa2 26. h4 Qb1 27. Qe4 Qa2 28. Bg5 1-0

[Event "Badalona op-B 42nd"]
[Site "Badalona"]
[Date "2016.08.02"]
[Round "1"]
[White "Grasa Solanas, Oscar"]
[Black "Palacios Pena, Gerardo"]
[Result "1-0"]
[WhiteElo "1664"]
[BlackElo "1900"]
[PlyCount "92"]
[EventDate "2016.08.02"]
[EventType "swiss"]
[EventRounds "9"]
[EventCountry "ESP"]
[SourceTitle "CBM 174 Extra"]
[Source "ChessBase"]
[SourceDate "2016.10.10"]
[SourceVersion "1"]
[SourceVersionDate "2016.10.10"]
[SourceQuality "1"]

1. c4 c5 2. Nc3 Nc6 3. Nf3 g6 4. g3 Bg7 5. Bg2 d6 6. 0-0 e6 7. d3 Nge7 8. a3 0-0 9. Rb1 b6 10. Bg5 Bb7 11. Qd2 Re8 12. Ne4 Qc7 13. Nf6+ Kh8 14. Nxe8 Rxe8 15. Qf4 Ng8 16. Qc1 Qc8 17. Bf4 Rd8 18. Ng5 Qc7 19. b4 e5 20. Be3 h6 21. Ne4 f5 22. Nc3 Kh7 23. Nd5 Qc8 24. Re1 Rf8 25. Bd2 Nd4 26. e3 Ne6 27. a4 Bc6 28. Qa3 Qd7 29. b5 Bxd5 30. Bxd5 Nf6 31. Bg2 e4 32. a5 Ng5 33. Red1 Qe6 34. Be1 Ng4 35. h3 Ne5 36. Kh1 Nxd3 37. axb6 axb6 38. Qb3 f4 39. exf4 Nxh3 40. Rxd3 exd3 41. Kh2 Nxf4 42. gxf4 Qf5 43. Bd2 Re8 44. Bh3 Qh5 45. Qxd3 Re2 46. Be3 Bd4 1-0

[Event "Barcelona Sant Marti op-B 18th"]
[Site "Barcelona"]
[Date "2016.07.17"]
[Round "5.21"]
[White "Martin Valentin, Francesco"]
[Black "Grasa Solanas, Oscar"]
[Result "1/2-1/2"]
[WhiteElo "1836"]
[BlackElo "1637"]
[PlyCount "93"]
[EventDate "2016.07.13"]
[EventType "swiss"]
[EventRounds "9"]
[EventCountry "ESP"]
[SourceTitle "EXT 2024"]
[Source "ChessBase"]
[SourceDate "2023.10.10"]
[SourceVersion "1"]
[SourceVersionDate "2023.10.10"]
[SourceQuality "1"]

1. c4 d5 2. d4 e6 3. Nc3 Nf6 4. Bg5 Be7 5. e3 0-0 6. Nf3 c5 7. dxc5 Qa5 8. Qb3 Qxc5 9. Be2 b6 10. cxd5 Nxd5 11. Bxe7 Nxe7 12. Rc1 Bb7 13. 0-0 Rc8 14. h3 Nd7 15. Rfd1 Nf6 16. Nd4 Qg5 17. Bf3 Bxf3 18. Nxf3 Qh5 19. Nb5 Rc5 20. Rxc5 Qxc5 21. Nc3 h6 22. Rd2 Ned5 23. Nxd5 Nxd5 24. a3 Rc8 25. Nd4 Qc1+ 26. Rd1 Qc5 27. Rd2 Qc1+ 28. Rd1 Qc4 29. Rd2 Qxb3 30. Nxb3 Kf8 31. e4 Nf6 32. f3 Ke7 33. Kf2 Nd7 34. Ke3 Ne5 35. Ke2 a6 36. f4 Nd7 37. Ke3 Nb8 38. Nd4 Rc7 39. Rc2 Rxc2 40. Nxc2 Kd6 41. Nb4 Kc5 42. Kd3 a5 43. Nc2 Nc6 44. b3 b5 45. g4 f6 46. Kc3 g6 47. b4+ 1/2-1/2

[Event "Barcelona Sant Marti op-B 18th"]
[Site "Barcelona"]
[Date "2016.07.16"]
[Round "4.33"]
[White "Grasa Solanas, Oscar"]
[Black "Reixach Ministral, Eduard"]
[Result "1-0"]
[WhiteElo "1637"]
[BlackElo "1870"]
[PlyCount "113"]
[EventDate "2016.07.13"]
[EventType "swiss"]
[EventRounds "9"]
[EventCountry "ESP"]
[SourceTitle "EXT 2024"]
[Source "ChessBase"]
[SourceDate "2023.10.10"]
[SourceVersion "1"]
[SourceVersionDate "2023.10.10"]
[SourceQuality "1"]

1. c4 e5 2. Nc3 Nf6 3. g3 Bc5 4. Bg2 0-0 5. d3 d6 6. Nf3 Re8 7. 0-0 Nc6 8. Bg5 h6 9. Bxf6 Qxf6 10. Nd5 Qd8 11. a3 a6 12. b4 Ba7 13. b5 axb5 14. cxb5 Ne7 15. Nc3 Bg4 16. a4 Qd7 17. Re1 Bh3 18. Bh1 Qg4 19. Rc1 Nf5 20. e3 Rad8 21. Nd5 c6 22. bxc6 bxc6 23. Rxc6 Ne7 24. Nxe7+ Rxe7 25. Qc2 Qb4 26. Rb1 Qa5 27. Rb5 Qxb5 28. axb5 Rb7 29. Rc7 Rxc7 30. Qxc7 Rc8 31. Qxc8+ Bxc8 32. Nd2 Bd7 33. Bc6 Bxc6 34. bxc6 Bb8 35. Kg2 f5 36. e4 g6 37. h3 Kf7 38. f4 Ke6 39. Nc4 d5 40. exf5+ gxf5 41. Nxe5 d4 42. Kf2 Kd5 43. Kf3 h5 44. g4 hxg4+ 45. hxg4 fxg4+ 46. Kxg4 Ke6 47. Kg5 Bd6 48. Kg4 Bc7 49. Kf3 Kd5 50. Kg4 Ke6 51. Kg5 Bd6 52. Nc4 Be7+ 53. Kg6 Bd8 54. f5+ Kd5 55. c7 Bxc7 56. f6 Bd8 57. Kg7 1-0

[Event "Barcelona Sant Marti op-B 17th"]
[Site "Barcelona"]
[Date "2015.07.20"]
[Round "8"]
[White "Martin Valentin, Manuel"]
[Black "Grasa Solanas, Oscar"]
[Result "0-1"]
[WhiteElo "1750"]
[BlackElo "1682"]
[PlyCount "54"]
[EventDate "2015.07.13"]
[EventType "swiss"]
[EventRounds "9"]
[EventCountry "ESP"]
[SourceTitle "EXT 2016"]
[Source "ChessBase"]
[SourceDate "2015.10.08"]
[SourceVersion "1"]
[SourceVersionDate "2015.10.08"]
[SourceQuality "1"]

1. e4 d5 2. exd5 Qxd5 3. Nc3 Qd6 4. Nf3 Bg4 5. h3 Bh5 6. Be2 Nc6 7. g4 Bg6 8. d4 a6 9. a3 0-0-0 10. Be3 Nf6 11. Qd2 h6 12. 0-0-0 Ne4 13. Nxe4 Bxe4 14. Rhg1 Qf6 15. g5 Qe6 16. Rg3 h5 17. Kb1 Qd5 18. Nh4 e6 19. f3 Bh7 20. f4 Be7 21. Bf3 Qb5 22. Be2 Qa4 23. Nf3 Rd5 24. Kc1 Rhd8 25. Qc3 Nb4 26. axb4 Bxb4 27. Qb3 Qa1# 0-1

[Event "Barcelona Sant Marti op-B 17th"]
[Site "Barcelona"]
[Date "2015.07.17"]
[Round "5"]
[White "Grasa Solanas, Oscar"]
[Black "Blanes Gay, Sir Nil"]
[Result "1-0"]
[WhiteElo "1682"]
[BlackElo "1679"]
[PlyCount "85"]
[EventDate "2015.07.13"]
[EventType "swiss"]
[EventRounds "9"]
[EventCountry "ESP"]
[SourceTitle "EXT 2016"]
[Source "ChessBase"]
[SourceDate "2015.10.08"]
[SourceVersion "1"]
[SourceVersionDate "2015.10.08"]
[SourceQuality "1"]

1. e4 e5 2. Nf3 Nc6 3. Bb5 Nf6 4. d3 d6 5. h3 Bd7 6. 0-0 g6 7. Nc3 a6 8. Ba4 b5 9. Bb3 Nd4 10. Nxd4 exd4 11. Ne2 c5 12. Re1 Qe7 13. Bg5 Bg7 14. Nf4 0-0 15. Nd5 Qd8 16. Qf3 Be6 17. Bxf6 Bxf6 18. Qxf6 Qxf6 19. Nxf6+ Kg7 20. Nd5 f5 21. exf5 Bxf5 22. Re7+ Kh8 23. g4 c4 24. dxc4 bxc4 25. Ba4 Bc8 26. Rae1 a5 27. Bb5 Rb8 28. a4 Bb7 29. Bxc4 Bxd5 30. Bxd5 Rxb2 31. Re8 Kg7 32. R1e7+ Kh6 33. Rxf8 Rxc2 34. Re1 d3 35. Rd1 d2 36. Kg2 Rc1 37. Rxd2 Kg5 38. Rd8 Ra1 39. Rd4 h5 40. gxh5 Kxh5 41. Rg4 g5 42. Rxd6 Re1 43. Bf7# 1-0

[Event "Barcelona Sant Marti op-B 17th"]
[Site "Barcelona"]
[Date "2015.07.13"]
[Round "1"]
[White "Grasa Solanas, Oscar"]
[Black "Gonzalez Martin, Fernando"]
[Result "1/2-1/2"]
[WhiteElo "1682"]
[BlackElo "1921"]
[PlyCount "98"]
[EventDate "2015.07.13"]
[EventType "swiss"]
[EventRounds "9"]
[EventCountry "ESP"]
[SourceTitle "EXT 2016"]
[Source "ChessBase"]
[SourceDate "2015.10.08"]
[SourceVersion "1"]
[SourceVersionDate "2015.10.08"]
[SourceQuality "1"]

1. e4 e5 2. Nf3 Nc6 3. Bb5 a6 4. Ba4 Nf6 5. d3 Bc5 6. 0-0 d6 7. h3 h6 8. Re1 b5 9. Bb3 Na5 10. Be3 Nxb3 11. axb3 Nd7 12. d4 exd4 13. Bxd4 0-0 14. Nc3 Bb7 15. Bxc5 Nxc5 16. e5 d5 17. Nd4 Ne6 18. Nf3 c5 19. Ne2 Re8 20. Ng3 g6 21. Qd2 Kh7 22. Nh2 h5 23. Nf3 h4 24. Nf1 d4 25. N1h2 Bxf3 26. Nxf3 Kg7 27. Re4 Rh8 28. Rae1 Rh5 29. b4 Rc8 30. bxc5 Rxc5 31. Nxd4 Rd5 32. Nxe6+ fxe6 33. Qe3 Qc7 34. c3 a5 35. f4 Qd7 36. Rd4 Rxd4 37. cxd4 Rf5 38. Rf1 b4 39. Rf3 a4 40. Qd2 Qb5 41. Kh2 Rf8 42. g3 hxg3+ 43. Kxg3 Qc4 44. Qd1 Qb5 45. Rd3 Rd8 46. Kf3 Qc4 47. Ke3 Rh8 48. Qg4 Qc1+ 49. Rd2 Qc4 1/2-1/2